Trabajan para vivir: descripción de El Salvador por John Newbigging en la década de 1880 /

Kaydedildi:
Detaylı Bibliyografya
Yazar: Santiago, Aldo Laurina
Materyal Türü: Metin
Konular:
Etiketler: Etiketle
Etiket eklenmemiş, İlk siz ekleyin!

MARC

LEADER 00000 a a2200000 04500
001 9588
003
040
100 |a Santiago, Aldo Laurina  
245 |a Trabajan para vivir:   |b descripción de El Salvador por John Newbigging en la década de 1880 /  |c Aldo Laurina Santiago 
650 |a DOCUMENTOS PRIMARIOS  
650 |a BIBLIOGRAFIAS  
650 |a SALVADOREÑOS  
773 |g volumen 23, número 43; páginas 104-133  
999 |c 24291  |d 24291